ՄԱՅՐ ԱԹՈՌ ՍՈՒՐԲ ԷՋՄԻԱԾԻՆ

«ՎԱՉԵ ԵՎ ԹԱՄԱՐ ՄԱՆՈՒԿՅԱՆ» ՄԱՏԵՆԱԴԱՐԱՆ

Artsakh. (Record no. 67908)

MARC details
000 -LEADER
fixed length control field 00773nam a22002297a 4500
003 - CONTROL NUMBER IDENTIFIER
control field SEM
005 - DATE AND TIME OF LATEST TRANSACTION
control field 20220608074023.0
008 - FIXED-LENGTH DATA ELEMENTS--GENERAL INFORMATION
fixed length control field 180119b xxu||||| |||| 00| 0 fr d
020 ## - INTERNATIONAL STANDARD BOOK NUMBER
International Standard Book Number 2909002004
040 ## - CATALOGING SOURCE
Original cataloging agency
Transcribing agency
041 1# - LANGUAGE CODE
Language code of text/sound track or separate title fr.
080 ## - UNIVERSAL DECIMAL CLASSIFICATION NUMBER
Universal Decimal Classification number 947.925(K)/D-72
100 1# - MAIN ENTRY--PERSONAL NAME
Personal name Donabédian Patrick; Mutafian Claude
245 10 - TITLE STATEMENT
Title Artsakh.
Remainder of title Histoire du Karabagh. /
Statement of responsibility, etc. P. Donabédian, C. Mutafian
260 ## - PUBLICATION, DISTRIBUTION, ETC.
Place of publication, distribution, etc. Paris:
Name of publisher, distributor, etc. «Sevig Press»,
Date of publication, distribution, etc. 1991.
300 ## - PHYSICAL DESCRIPTION
Extent 174 p.;
Other physical details ill.; maps;
Dimensions 21 cm.
500 ## - GENERAL NOTE
General note [Histoire du Karabagh de l'Antiquite au XIX Siecle. Le Karabagh au XXe Siecle. Enguise de conclusion.]
504 ## - BIBLIOGRAPHY, ETC. NOTE
Bibliography, etc. note Documents annexes p.: 120-132; Bibl. p.: 133-140.
651 #0 - SUBJECT ADDED ENTRY--GEOGRAPHIC NAME
Geographic name Nagorno-Karabakh
General subdivision History
651 #0 - SUBJECT ADDED ENTRY--GEOGRAPHIC NAME
Geographic name Artsakh
General subdivision History
942 ## - ADDED ENTRY ELEMENTS (KOHA)
Source of classification or shelving scheme Universal Decimal Classification
Koha item type Գրքեր/Books
Holdings
Withdrawn status Lost status Source of classification or shelving scheme Damaged status Not for loan Collection code Home library Current library Date acquired Cost, normal purchase price Inventory number Total Checkouts Full call number Barcode Date last seen Price effective from Koha item type Public note
    Universal Decimal Classification     Գրապահոց Մայր Աթոռ Սուրբ Էջմիածին «Վաչե և Թամար Մանուկյան» Մատենադարան Մայր Աթոռ Սուրբ Էջմիածին «Վաչե և Թամար Մանուկյան» Մատենադարան 19/01/2018 5000.00 Fr-2931   947.925(K)/D-72 Fr-2931 19/01/2018 19/01/2018 Գրքեր/Books Սպասարկվում է ընթերցասրահ